000
00302nam a22001337a 4500
008
181218b xxu||||| |||| 00| 0 eng d
020
_a
0721670261
041
_a
eng
080
_2
2nd
_a
616.5
100
_a
7
101
_a
DER
245
_a
Nails. Therapy. Diagnosis. Surgery
_c
Scher
942
_2
udc
_c
BK
999
_c
53399
_d
53399